000 00600nam a2200181Ia 4500
008 100920s9999 xx 000 0 und d
082 _b78578
_a--- थ 91
100 _aसोनवणी संजय.
245 _aअखेरचा सम्राट.
260 _bशब्दसन्मान प्रकाशन, पुणे.
_c1991
300 _a250
_bसाधी
365 _b95
520 _aकादंबरी.
630 _aअखेरचा सम्राट.
650 _aकादंबरी.
730 _aअखेरचा सम्राट.
942 _cBOOK
999 _c719733
_d719730